LEADER 00981cam0-22003611i-450- 001 990006330020403321 005 20060309173845.0 010 $a88-348-5059-9 035 $a000633002 035 $aFED01000633002 035 $a(Aleph)000633002FED01 035 $a000633002 100 $a20000112d1995----km-y0itay50------ba 101 0 $aita 102 $aIT 105 $ay-------001yy 200 1 $a<>nascituri concepiti e i concepiti artificiali$fSilverio Grassi 210 $aTorino$cGiappichelli$d1995 215 $a159 p.$d24 cm 676 $a346.012$v20$zita 676 $a346.015 700 1$aGrassi,$bSilverio$0232245 801 0$aIT$bUNINA$gRICA$2UNIMARC 901 $aBK 912 $a990006330020403321 952 $aVIII C 329$b32450*$fFGBC 952 $a10-C-466$b8227$fDDCP 952 $aIX D 50$b1850$fDDCIC 959 $aFGBC 959 $aDDCIC 959 $aDDCP 996 $aNascituri concepiti e i concepiti artificiali$966780 997 $aUNINA LEADER 03912nam 2200721 a 450 001 9910456863503321 005 20200520144314.0 010 $a1-282-35240-7 010 $a9786612352409 010 $a0-300-15178-0 024 7 $a10.12987/9780300151787 035 $a(CKB)2430000000010729 035 $a(StDuBDS)BDZ0022171541 035 $a(SSID)ssj0000308622 035 $a(PQKBManifestationID)11259945 035 $a(PQKBTitleCode)TC0000308622 035 $a(PQKBWorkID)10258056 035 $a(PQKB)10115192 035 $a(StDuBDS)EDZ0000165578 035 $a(MiAaPQ)EBC3420641 035 $a(DE-B1597)485509 035 $a(OCoLC)609896298 035 $a(DE-B1597)9780300151787 035 $a(Au-PeEL)EBL3420641 035 $a(CaPaEBR)ebr10373448 035 $a(CaONFJC)MIL235240 035 $a(OCoLC)923595408 035 $a(EXLCZ)992430000000010729 100 $a20080411d2008 uy 0 101 0 $aeng 135 $aur||||||||||| 181 $ctxt 182 $cc 183 $acr 200 10$aRomantic Europe and the ghost of Italy$b[electronic resource] /$fJoseph Luzzi 210 $aNew Haven $cYale University Press$dc2008 215 $a1 online resource (1 online resource (x, 294 p.) ) $cill 300 $aBibliographic Level Mode of Issuance: Monograph 311 $a0-300-12355-8 320 $aIncludes bibliographical references (p. 221-284) and index. 327 $aItaly's ambivalent modernity -- Genus italicum -- Did Italian romanticism exist? -- Italy without Italians: Goethe, Stae?l, and Foscolo -- The death of Italy and birth of European romanticism -- Heirs of a dark wood -- Dante and autobiography in the age of Voltaire -- Alfieri's Prince, Dante, and the romantic self -- Wordsworth, Dante, and British romantic identity -- Corpus italicum -- Italy as woman and wound, Dante to Leopardi -- The body of Parini -- Italy's broken heart. 330 $aIn this groundbreaking study, unique in English, Joseph Luzzi considers Italian Romanticism and the modern myth of Italy. Ranging across European and international borders, he examines the metaphors, facts, and fictions about Italy that were born in the Romantic age and continue to haunt the global literary imagination. The themes of the book include the emergence of Italy as the "world's university" (Goethe) and "mother of arts" (Byron), the influence of Dante's Commedia on Romantic autobiography, and the representation of the Italian body politic as a woman at home and abroad. Luzzi also provides a critical reevaluation of the three crowns of Italian Romantic letters-Ugo Foscolo, Giacomo Leopardi, and Alessandro Manzoni-profoundly influential writers largely undiscovered in Anglo-American criticism. Reaching out to academic and general readers alike, the book offers fresh insights into the influence of Italian literary, cultural, and intellectual traditions on the foreign imagination from the Romantic age to the present. 606 $aItalian literature$xHistory and criticism 606 $aComparative literature$xItalian and European 606 $aComparative literature$xEuropean and Italian 606 $aEuropean literature$y18th century$xItalian influences 606 $aEuropean literature$y19th century$xItalian influences 607 $aItaly$xCivilization 608 $aElectronic books. 615 0$aItalian literature$xHistory and criticism. 615 0$aComparative literature$xItalian and European. 615 0$aComparative literature$xEuropean and Italian. 615 0$aEuropean literature$xItalian influences. 615 0$aEuropean literature$xItalian influences. 676 $a809/.894 700 $aLuzzi$b Joseph$0521598 801 0$bMiAaPQ 801 1$bMiAaPQ 801 2$bMiAaPQ 906 $aBOOK 912 $a9910456863503321 996 $aRomantic Europe and the ghost of Italy$918864 997 $aUNINA LEADER 03595nam 2200589 450 001 9910818945803321 005 20230725025435.0 010 $a1-282-87398-9 010 $a9786612873980 010 $a1-4411-3322-4 035 $a(CKB)2670000000055582 035 $a(EBL)601700 035 $a(OCoLC)676697032 035 $a(SSID)ssj0000418843 035 $a(PQKBManifestationID)12130959 035 $a(PQKBTitleCode)TC0000418843 035 $a(PQKBWorkID)10383112 035 $a(PQKB)11058079 035 $a(MiAaPQ)EBC601700 035 $a(MiAaPQ)EBC5309431 035 $a(MiAaPQ)EBC3003022 035 $a(Au-PeEL)EBL3003022 035 $a(OCoLC)928191631 035 $a(EXLCZ)992670000000055582 100 $a20180808d2010 uy 0 101 0 $aeng 135 $aur|n|---||||| 181 $ctxt 182 $cc 183 $acr 200 14$aThe good funeral guide /$fCharles Cowling 210 1$aLondon ;$aNew York :$cContinuum,$d[2010] 210 4$dİ2010 215 $a1 online resource (217 p.) 300 $aDescription based upon print version of record. 311 $a1-4729-7594-4 311 $a1-4411-5731-X 327 $aContents; Acknowledgements; 1 What's in this guide?; 2 Take your time; 3 Take charge; 4 Take stock; 5 Why do we have funerals?; 6 What is a green funeral?; 7 Burial or cremation?; 8 Cremation; 9 Burial; 10 Decision time - burial or cremation?; 11 What happens when we die?; 12 Caring for the body - why would you want to?; 13 Caring for the body - what needs to be done?; 14 Caring for the body - doing it all yourself; 15 Embalming; 16 Going to see someone who has died; 17 Decision time - caring for the body; 18 Style your funeral; 19 The crematorium and other funeral venues 327 $a20 Who will lead the funeral ceremony?21 A life-centred funeral; 22 Do it your way; 23 Can a funeral be fun?; 24 Set your goals; 25 Choose your ingredients; 26 Create a sense of occasion; 27 Who will be the host?; 28 Decision time - celebrant and ceremony; 29 Construct the ceremony; 30 Tribute-writing tips; 31 Funeral food; 32 Funeral directors - what are they like and what do they know?; 33 Should funeral directors be regulated?; 34 Funeral directors - what do they do?; 35 Funeral directors - what do they cost?; 36 Funeral directors - telling them apart 327 $a37 Funeral directors - find out who's out there38 Decision time - buy only what you want; 39 101 coffins and a shroud; 40 Final rides - hearses; 41 Marking the spot - memorials; 42 What to do with the ashes?; 43 What does dying feel like?; 44 Planning your own death and funeral 330 $aThe Good Funeral Guide is the first ever independent consumer guide to the funeral industry. It is for anyone who: - needs to arrange a funeral for someone now - has sick or elderly relatives or friends and knows that a funeral is imminent - wants to find a good funeral director and have some say in the funeral itself - wants to make future arrangements for their own funeral - would like to learn about deaths and funerals Authoritative, impartial and empowering, it is indispensable for those who don't want a conventional religious ceremony and invaluable for those who do. This is a 606 $aFuneral rites and ceremonies$zGreat Britain 615 0$aFuneral rites and ceremonies 676 $a393.9 700 $aCowling$b Charles$01690833 801 0$bMiAaPQ 801 1$bMiAaPQ 801 2$bMiAaPQ 906 $aBOOK 912 $a9910818945803321 996 $aThe good funeral guide$94066814 997 $aUNINA